BIBLIOTECA

SENCICO

Proyecto Geométrico de Carreteras Modernas (Registro nro. 1182)

Detalles MARC
000 -LEADER
fixed length control field 00797nam a2200253Ia 4500
005 - DATE AND TIME OF LATEST TRANSACTION
control field 20251020182502.0
008 - FIXED-LENGTH DATA ELEMENTS--GENERAL INFORMATION
fixed length control field 200515s9999 xx 000 0 und d
082 ## - DEWEY DECIMAL CLASSIFICATION NUMBER
Classification number 625.7/J72
100 ## - MAIN ENTRY--PERSONAL NAME
Personal name Jones, John Hugh
245 #0 - TITLE STATEMENT
Title Proyecto Geométrico de Carreteras Modernas
250 ## - EDITION STATEMENT
Edition statement 3a ed.
260 ## - PUBLICATION, DISTRIBUTION, ETC.
Place of publication, distribution, etc. México, D.F.
260 ## - PUBLICATION, DISTRIBUTION, ETC.
Name of publisher, distributor, etc. C.E.C.S.A.
260 ## - PUBLICATION, DISTRIBUTION, ETC.
Date of publication, distribution, etc. 1976
300 ## - PHYSICAL DESCRIPTION
Extent 279 p.
300 ## - PHYSICAL DESCRIPTION
Other physical details il., tbl., graf.
500 ## - GENERAL NOTE
General note 1 ejemplar
520 ## - SUMMARY, ETC.
Summary, etc. Dirigido para los ingenieros de caminos encargados del proyecto de autopistas o de la modernización de los caminos ordinarios, para los ingenieros civiles y urbanistas y para los estudiantes adelantados en estas materias.
650 ## - SUBJECT ADDED ENTRY--TOPICAL TERM
Topical term or geographic name entry element AUTOPISTAS
650 ## - SUBJECT ADDED ENTRY--TOPICAL TERM
Topical term or geographic name entry element CARRETERAS
650 ## - SUBJECT ADDED ENTRY--TOPICAL TERM
Topical term or geographic name entry element PROYECTOS
942 ## - ADDED ENTRY ELEMENTS (KOHA)
Koha item type Libros
Existencias
Fecha de la última vez que lo usaron Pago total Signatura topográfica completa Código de barras Precio efectivo desde Tipo de documento Estado perdido Estado dañado No es para préstamo Retirado Ubicación permanente Ubicación actual Fecha de adquisición
15/05/2020   625.7/J72 Bib-Lima15051182 15/05/2020 Libros         Biblioteca Central Lima Biblioteca Central Lima 15/05/2020